Cases in financial management

This book offers 58 cases that combine both the qualitative and quantitative aspects of financial management. The cases are based on real firms, real products, real individuals, and most importantly, real issues and offer a complete picture of the financial management process.

Saved in:
Bibliographic Details
Main Author: Norgaard, Richard L.
Format: Book
Language:Undetermined
Published: Belmont, Calif. Wadsworth Pub. Co. 1964
Subjects:
Tags: Add Tag
No Tags, Be the first to tag this record!
Institutions: Trung tâm Học liệu Trường Đại học Cần Thơ
LEADER 00810nam a2200193Ia 4500
001 CTU_186396
008 210402s9999 xx 000 0 und d
082 |a 658.1 
082 |b N838 
100 |a Norgaard, Richard L. 
245 0 |a Cases in financial management 
245 0 |c Richard L. Norgaard, James R. Longstreet 
260 |a Belmont, Calif. 
260 |b Wadsworth Pub. Co. 
260 |c 1964 
520 |a This book offers 58 cases that combine both the qualitative and quantitative aspects of financial management. The cases are based on real firms, real products, real individuals, and most importantly, real issues and offer a complete picture of the financial management process. 
650 |a Finance,Tài chính 
904 |i Qhieu 
980 |a Trung tâm Học liệu Trường Đại học Cần Thơ